Capital to Country Click Quiz - Oceania - Statistics

General Stats
  • This quiz has been taken 191 times
  • The average score is 9 of 14
Answer Stats
Hint Answer % Correct
Canberra Australia
96%
Wellington New Zealand
95%
Port Moresby Papua New Guinea
85%
Suva Fiji
81%
Port Vila Vanuatu
62%
Honiara Solomon Islands
61%
Apia Samoa
59%
Nuku‘alofa Tonga
59%
Funafuti Tuvalu
59%
Palikir F. S. Micronesia
58%
Yaren Nauru
57%
South Tarawa Kiribati
55%
Majuro Marshall Islands
55%
Ngerulmud Palau
54%
No matching quizzes found
Score Distribution
Percent of People with Each Score
Percentile by Number Answered
Your Score History
You have not taken this quiz